Ungarskata emigraciâ v Bălgariâ prez 1849-1850 g. nâkolko neizvestni turski dokumenta /

Elmentve itt :
Bibliográfiai részletek
Szerző: Nedkov Boris
Dokumentumtípus: Cikk
Megjelent: 1953
Sorozat:Izvestiâ na DBVK
Kulcsszavak:Emigráció - magyar - Bulgária - 19. sz. - forrás
Tárgyszavak:
Online Access:http://misc.bibl.u-szeged.hu/63900
LEADER 00793nab a2200217 i 4500
001 misc63900
005 20241008140642.0
008 221124s1953 hu o 000 bul d
040 |a SZTE Miscellanea Repozitórium  |b hun 
041 |a bul 
100 1 |a Nedkov Boris 
245 1 0 |a Ungarskata emigraciâ v Bălgariâ prez 1849-1850 g.   |h [elektronikus dokumentum] :  |b nâkolko neizvestni turski dokumenta /  |c  Nedkov Boris 
260 |c 1953 
300 |a 24 p., 4 t.  |c 24 cm 
490 0 |a Izvestiâ na DBVK 
561 |a Németh Gyula hagyaték 
591 |a NOA 4025 
650 4 |a Bölcsészettudományok 
650 4 |a Történettudomány és régészet 
695 |a Emigráció - magyar - Bulgária - 19. sz. - forrás 
856 4 0 |u http://misc.bibl.u-szeged.hu/63900/1/4025_noa.pdf  |z Dokumentum-elérés